Largest Northernmost and Southernmost Cities - Statistics

General Stats
  • This quiz has been taken 56 times
  • The average score is 16 of 20
Answer Stats
Lat x Pop Value Continent Country City % Correct
-557100276 S. America Argentina Buenos Aires
98%
947786790 Europe Russia Moscow
96%
-172081142 Oceania Australia Melbourne
92%
-169600055 Oceania Australia Sydney
92%
-350678600 Africa South Africa Johannesburg
91%
-235822597 S. America Chile Santiago
91%
-520646819 S. America Brazil São Paulo
91%
798577845 Asia China Beijing
89%
-293440297 S. America Brazil Rio de Janeiro
89%
-139920045 Africa South Africa Cape Town
87%
1423832175 Asia Japan Tokyo
87%
751899923 Europe United Kingdom London
83%
924132188 Asia South Korea Seoul
83%
-187084856 Asia Indonesia Jakarta
81%
920885347 Asia China Shanghai
75%
904649535 N. America United States New York
72%
615075623 Asia Japan Osaka
72%
-124094531 S. America Peru Lima
68%
814227798 Asia India New Delhi
49%
1055411147 Asia China Guangzhou
45%
No matching quizzes found
Score Distribution
Percent of People with Each Score
Percentile by Number Answered
Your Score History
You have not taken this quiz